000 00529nam a2200181Ia 4500
008 090124s9999 xx 000 0 und d
082 _b10855
100 _aमुसळे गोविंद
245 _a मन माझं
250 _a0
260 _bश्री विशाखा प्रकाशन
_c1978
300 _a123
600 _aमुसळे गोविंद
630 _a मन माझं
700 _aमुसळे गोविंद
730 _a मन माझं
942 _cBOOK
999 _c86148
_d86148